• 首页
  • 本馆介绍
  • 公告通知
  • 最新文献
  • 馆藏检索
  • 电子资源
  • 读者导购
  • 参考咨询
  • 我的图书馆
  • 登录
  • 详细信息显示
  • 放入我的书架
  • 预约/预借图书
  • 作者相关作品
  • 分类相关作品
  • 丛书相关作品
  • 出版社相关作品

书目信息

  • 表格格式
  • 工作单格式
  • 卡片格式
题名:
安全检测技术
    
 
作者: 黄仁东 , 刘敦文 主编
分册:  
出版信息: 北京   化学工业出版社  2006
页数: 303页
开本: 24cm
丛书名:
单 册:
中图分类: X924.2
科图分类:
主题词: 安全--检测--技术 , 安全 , 检测
电子资源:
ISBN: 7-5025-9009-9
000 00958nam0 2200277 450
001 012007925627
005 20070517104228.78
010    @a7-5025-9009-9@dCNY46.00
100    @a20070509d2006 km y0chiy0120 ea
101 0  @achi
102    @aCN@b110000
105    @ay z 000yy
106    @ar
200 1  @a安全检测技术@Aan quan jian ce ji shu@f黄仁东,刘敦文主编@Fhuang ren dong,liu dun wen zhu bian
210    @a北京@c化学工业出版社@d2006
215    @a303页@d24cm
330    @a本书共分两大部分:第1~5章介绍安全检测技术基础理论,主要包括测试系统组成及其特性、测量误差分析和数据处理、测试的信号分析与处理、传感器的原理与结构等;第6~12章为安全检测技术,如粉尘检测。
510 1  @aTechnology of safety detection@zeng
606 0  @a安全@x检测@j技术
606 0  @a安全
606 0  @a检测
690    @aX924.2@v4
701  0 @a黄仁东@Ahuang ren dong@4主编
701  0 @a刘敦文@Aliu dun wen@4主编
801  0 @aCN@bRULIN@c20070517
905    @dX924.2@e2@s8
    
    安全检测技术/黄仁东,刘敦文主编.-北京:化学工业出版社,2006
    303页;24cm
    
    
    ISBN 7-5025-9009-9:CNY46.00
    本书共分两大部分:第1~5章介绍安全检测技术基础理论,主要包括测试系统组成及其特性、测量误差分析和数据处理、测试的信号分析与处理、传感器的原理与结构等;第6~12章为安全检测技术,如粉尘检测。
●
相关链接 在E读中查询图书 在五车中查询图书 在当当中查询图书 在豆瓣中查询图书


正题名:安全检测技术     索取号:X924.2/2         预约/预借

序号 登录号 条形码 馆藏地/架位号 状态 备注
1 0578393   205783936   第二样本阅览室/ [索取号:X924.2/2] 在馆    
2 0578394   205783945   第三借阅区/ [索取号:X924.2/2] 在馆    
3 0578395   205783954   第三借阅区/ [索取号:X924.2/2] 在馆    
4 0578396   205783963   第三借阅区/ [索取号:X924.2/2] 在馆    
5 0578397   205783972   第三借阅区/ [索取号:X924.2/2] 在馆    
6 0578398   205783981   第三借阅区/ [索取号:X924.2/2] 在馆    
7 0578399   205783990   第三借阅区/ [索取号:X924.2/2] 在馆    
8 0578400   205784007   第三借阅区/ [索取号:X924.2/2] 在馆    
唐山师范学院图书馆 欢迎您!
大连网信软件有限公司© 版权所有